Missing Word: Young Adult Books A-Z Quiz Stats

 Plays Quiz Updated Sep 29, 2014

Challenge
Share
Tweet
Embed
Score 0/22 Timer 03:00
0 Plays Today
Hint Answer % Correct
The Hunger ____Games
98.5%
To ____ a MockingbirdKill
98.2%
____ of a Wimpy KidDiary
97.2%
The Catcher in the ____Rye
94.6%
The Adventures of ____ FinnHuckleberry
94.1%
Lord of the ____Flies
93.1%
Harry Potter and the ____ of SecretsChamber
92.8%
The Fault in ____ StarsOur
91.4%
Life of ____Pi
91.2%
A Wrinkle in ____Time
88.9%
____ to TerabithiaBridge
86.7%
Hint Answer % Correct
____ EnchantedElla
82.1%
The ____ of the Traveling PantsSisterhood
81.6%
The Perks of Being a ____Wallflower
78%
The ____ BonesLovely
75.8%
The Diary of a ____ Girl Young
74.5%
____ of the Blue DolphinsIsland
70.5%
____ FowlArtemis
66.7%
The ____ of the Dawn TreaderVoyage
56%
The Magician's ____Nephew
44.7%
Walk Two ____Moons
25.1%
____ Have I LovedJacob
19.4%

Today's Daily Dose

Missing Word
'F' Pairs

Word Ladder
Mixed Synonyms

On This Day
August 15th II

You're not logged in!

Compare scores with friends on all Sporcle quizzes.
Join for Free
OR
Log In

You Might Also Like...

Show Comments

Extras

Top Quizzes Today


Score Distribution

Your Account Isn't Verified!

In order to create a playlist on Sporcle, you need to verify the email address you used during registration. Go to your Sporcle Settings to finish the process.

Report this User

Report this user for behavior that violates our Community Guidelines.

Details: